[Event "EU School-ch U11"]
[Site "Budva"]
[Date "2017.06.16"]
[Round "6"]
[White "Bragin, Fedor"]
[Black "Dubinenko, Konstantin"]
[Result "0-1"]
[WhiteElo "1259"]
[BlackElo "1565"]
[PlyCount "36"]
[EventDate "2017.06.11"]
[EventType "swiss"]
[EventRounds "9"]
[EventCountry "MNE"]
[SourceTitle "EXT 2024"]
[Source "ChessBase"]
[SourceDate "2023.10.10"]
[SourceVersion "1"]
[SourceVersionDate "2023.10.10"]
[SourceQuality "1"]

1. e4 e5 2. Nf3 Nc6 3. Bc4 Bc5 4. 0-0 Nf6 5. d4 Bxd4 6. Nxd4 Nxd4 7. f4 d6 8. fxe5 dxe5 9. Bg5 Bg4 10. Bxf7+ Kf8 11. Qxg4 Nxc2 12. Bxf6 gxf6 13. Rd1 Qe7 14. Rd7 Qc5+ 15. Kh1 Ne3 16. Bh5 Nxg4 17. Bxg4 h5 18. Bf3 Re8 0-1